【プロ野球】 2026年 オリックス・バファローズ 応援歌 - Statistics

General Stats
  • This quiz has been taken 11 times
  • The average score is 16 of 20
Answer Stats
応援歌 選手名 % Correct
〇〇〇〇〇〇〇〇 〇〇! 〇〇!
南河内と大和の心
その胸に宿らせ 〇〇 星と成れ
太田椋
100%
〇〇 揺るぎなき決椋底知れぬ覇気が力となる 果てなき その念いが 笑顔の輪をつくる 捕み取れ その努力で 若月健矢
100%
〇〇 〇〇 〇〇! 〇〇! 〇〇〇〇! 見果てぬ先を追い求め  豪胆に 豪傑に いざ快哉の時へ 見果てぬ先を追い求め  豪胆に【構え】 豪傑に【放て】 快哉の時へ 見果てぬ先へと行く 強靭な様 豪胆に 豪傑に さぁ快哉叫べ 森友哉
100%
天賦の才は 〇〇の才 闇を振り祓い 雲を切り裂いて 快き晴れ空 港へ齎せよ --------------------------------------------------------- 〇〇 魂込め 今決然の 時が来る 今こそ進撃 敵を蹴散らして 卓越した技で 異彩を放つ時 Oi!Oi! Oi!Oi!Oi! Oi! Oi! 〇〇!! Oi! Oi! OiOiOiOi! Oi! Oi! 〇〇!! 西川龍馬
100%
軽やかに舞う姿 糸を引く Throwing ball鉄壁の守り誇る漢 〇〇が征く 力強い一振り 唸り上がる Hard hit 抜群の野球感を併せ持つ 【さぁ】打つ 紅林弘太郎
100%
しぶとい一打 ここで見せつけてくれこのチームに勝機呼ぶ 〇〇の底力 廣岡大志
100%
出づる不撓の意思 強くその胸に賜ふとこしえに誉れ高く 〇〇次代を担え 中川圭太
100%
動きまわる元気 誰にも負けない明日へと続く道を拓け 前だけ見て 怯まぬ精神 失わぬ気力 頑なに 貫き通せ 西野真弘
86%
胸の奥で熱く滾る 想い全て出し切れ壮絶な争いに 勝ち残れ最後まで 宗佑磨
86%
素早く力強く 先陣を切れ激闘の中で 紅く【燃やせ】 武士の心 野口智哉
86%
君よ輝けとただ願うこの想い いつまでも この詩に乗せて ハイヤーサーサー×3 逞しく咲き誇る サンタンカの花の様に 強く熱く気概を以ち 行けよ 凜々しき強者 大城滉二
86%
屈強な軀 その貫禄 仁王の如し皆の心揺さぶる 【ホイサー】衝撃の一打 此処ぞで快音『ホイサー』《ホイサー》 我等は願う 弥栄へと導く【ホイサー】其れが合言葉 頓宮裕真
86%
いつの日も 絶やさない
沖縄の心(シマーヌククル)
紡ぎ合わせた時を 共に噛みしめながら
日々を 越えて 素晴らしき球道を
宜保翔
86%
混沌する戦場で 狼煙を上げる目の覚める弾道 敵を怯ませる 杉本裕太郎
86%
磨き上げられたその脚で 踏み出せ今ここで 駆け抜けろ速く 勝利への道を  スピード上げて走り出せ ホームベース目指して 渡部遼人
57%
鼓動が高鳴る この勝負 荒ぶる心 燃え盛れ〇〇 福永奨
57%
〇〇!〇〇!〇〇!Wow! 烈しく叩けストレート 巧く捌け変化球 如何なる球も的確に 仕留めてみせろ一振りで 平沼翔太
57%
ぶつけろ熱意 無限の可能性流した汗力に変える 志 天高く Bsメインテーマ
57%
野望抱き海を越え この地で名を馳せろ新たな伝説を ここに刻め 助っ人テーマ
43%
土埃に塗れ ホーム守り抜く男マスク取りいざ勝負 痛打浴びせたれ 石川亮
29%
No matching quizzes found
Score Distribution
Percent of People with Each Score
Percentile by Number Answered
Your Score History
You have not taken this quiz